Visions barcelonines / Francesc Curet ; il·lustracions de Lola Anglada
Descripción Física:
4 v. : il. ; 25 cm
Otros Autores:
Anglada, Lola, 1892-1984
MARC
| LEADER | 00000nam a2200000Ia 4500 | ||
|---|---|---|---|
| 001 | 10698, 10699, 10700, 10701 | ||
| 008 | 160829s1981 - 1983 xx 000 0 cat d | ||
| 080 | |a M-1-227, M-1-228, M-1-229, M-1-230 | ||
| 100 | |a Curet, Francesc |9 24644 | ||
| 245 | |a Visions barcelonines / Francesc Curet ; il·lustracions de Lola Anglada | ||
| 260 | |a Barcelona : |b Alta Fulla, |c 1981 - 1983 | ||
| 300 | |a 4 v. : |b il. ; |c 25 cm | ||
| 590 | |a Conté: v. 1: La vida a la llar; v. 2: Botigues, obradors i cases de menjar i beure; v. 3: La vida humanitària; v. 4: Costums, festes i solemnitats | ||
| 650 | |a Assistència sanitària |x Barcelona |x S. XVIII/XIX I |9 31108 | ||
| 650 | |a Barcelona |x Vida social i costums |x S. XVIII/XIX |9 31109 | ||
| 651 | 0 | |a Barcelona (Catalunya) |x Vida social i costums |y S. XX |9 52686 | |
| 651 | 0 | |a Catalunya |x Folklore |9 54778 | |
| 700 | |a Anglada, Lola, |d 1892-1984 |9 31110 | ||
| 901 | |a Arxiu | ||
| 942 | |n 1 | ||
| 952 | |0 0 |1 0 |4 0 |6 M1227_M1228_M1229_M1230 |7 1 |9 45598 |a Arxiu |b Arxiu |d 2016-12-01 |l 0 |o M-1-227, M-1-228, M-1-229, M-1-230 |p 10698, 10699, 10700, |r 2016-12-01 00:00:00 |w 2016-12-01 |y ARXIU | ||
| 999 | |c 48823 |d 48823 | ||